01115nam a2200193Ia 4500001001100000003001000011008004100021040002500062041001300087100002700100245005100127250001100178260006200189300001200251500026000263501011400523520026000637650002400897L270-22573IT-CnALBA170116s9999||||xx |||||||||||||| ||und|| aIT-CnALBAcIT-CnALBA aITALIANO aBOSCO GIOVANNI, SANTO. 0aSTORIA ECCLESIASTICA AD USO DELLA GIOVENTÙ.  a2a ed. a TO BO CT PAbSOCIETÀ ED. INTER. c1936 [1° Ed.: n.d.] a341 p.  aNOZIONI DI STORIA DELLA CHIESA. GLI APOSTOLI A GERUSALEMME. MISSIONI DI S. PAOLO. SIMBOLO DELLA FEDE. PONTEFICI DI ROMA. PERSECUZIONI. ERESIE. DA COSTANTINO A MAOMETTO. MONACHESIMO. S. AMBROGIO E AGOSTINO. LEONE MAGNO. L'ISLAM. LOTTE CONTRO IL CRISTIANESI aSocietà San Paolo EM - Piazza San Paolo, 14 - 12051 ALBA (CN) (non commercial uses only) ® Copyright 2017 aNOZIONI DI STORIA DELLA CHIESA. GLI APOSTOLI A GERUSALEMME. MISSIONI DI S. PAOLO. SIMBOLO DELLA FEDE. PONTEFICI DI ROMA. PERSECUZIONI. ERESIE. DA COSTANTINO A MAOMETTO. MONACHESIMO. S. AMBROGIO E AGOSTINO. LEONE MAGNO. L'ISLAM. LOTTE CONTRO IL CRISTIANESI aSTORIA DELLA CHIESA